000 00728nam a2200229Ii 4500
003 JO-AjNU
008 230605s9999||||xx |||||||||||||| ||und||
017 _a2000/16866
020 _a977-01-7026-7
040 _aJO-AjNU
_bara
_erda
_cJO-AjNU
041 _aara
050 1 4 _aBP70.K8422.2000
100 3 _aالخولي،أمين,
_eauthor
_920185
245 0 0 _aالمجددون في الإسلام
264 3 1 _aالقاهرة:الهيئة المصرية العامة للكتاب ،2000
300 _a177ص
336 _atext
_btxt
_2rdacontent
337 _aunmediated
_bn
_2rdamedia
338 _avolume
_bnc
_2rdacarrier
490 0 _aسلسلة قضايا اسلامية
650 4 _aقضايا اسلامية
_920186
999 _aA6797
_c10365
_d10365